[Event "WSTCC-65 2020"]
[Site "Prague"]
[Date "2020.03.06"]
[Round "1.1"]
[White "Ruzicka, Zdenek"]
[Black "Sveshnikov, Evgeny"]
[Result "0-1"]
[WhiteElo "2163"]
[BlackElo "2470"]
[Annotator "TA"]
[PlyCount "96"]
[EventDate "2020.03.06"]
[EventType "team-tourn"]
[EventCountry "CZE"]
[SourceTitle "playchess.com"]
[Source "ChessBase"]
[SourceQuality "1"]

{[%evp 9,96,16,33,31,65,4,18,0,28,29,26,27,16,21,27,23,47,0,0,0,10,-22,0,-13,0,0,0,0,0,0,0,0,0,0,14,0,0,0,10,5,5,6,6,8,9,0,0,0,13,13,35,4,12,0,51,0,0,-7,0,-35,-34,-29,-37,-59,-52,-56,-61,-65,-13,-50,0,-133,-133,-197,-197,-358,-179,-316,-304,-264,-196,-532,-534,-5746,-4956,-29977,-29978,-29974,-29970]} 1. e4 c5 2. Nf3 Nc6 3. Bb5 e6 4. b3 f6 5. Bb2 {[#]} Nh6 $146 ({Predecessor:} 5... e5 6. O-O Nge7 7. Nc3 a6 8. Bc4 b5 9. Bd5 d6 10. d3 b4 11. Bxc6+ Nxc6 12. Nd5 {1-0 (43) Labiano Hernandez,J (2121)-Romero Romero,S (2177) Linares 2019}) 6. c3 {B30: Sicilian: 2...Nc6 3 Bb5, lines without ...g6.} Bd6 7. Na3 (7. d4 $14) 7... O-O $11 8. Nc4 {The position is equal.} Be7 9. Ne3 f5 10. exf5 Nxf5 11. O-O d5 12. d4 cxd4 13. cxd4 Nxe3 14. fxe3 Bd7 15. Bc3 Rc8 16. Qd2 Qb6 17. Bd3 Nb4 18. Bxb4 Qxb4 19. Qe2 Bf6 20. Rad1 Rc3 21. Rf2 Rfc8 22. h4 Qe7 23. g3 e5 {[#] And now ...e4 would win.} 24. dxe5 Bxe5 25. Nxe5 Qxe5 26. Qf3 {White threatens Qf7+ and mate.} Be6 27. Qf4 Qxf4 28. Rxf4 g6 29. Kf2 Re8 30. Rd2 Kg7 31. e4 Rd8 {[#]} (31... d4 $11) 32. Be2 ({Better is} 32. Bc4 $1 $14 {[%mdl 512]}) 32... d4 33. Rf3 Rxf3+ 34. Bxf3 {[%mdl 4096] Endgame KRB-KRB} Kf6 35. e5+ {[%mdl 64] Discovered Attack} Kxe5 {Hoping for ...Rf8.} 36. Bxb7 Bg4 37. Ke1 Rb8 38. Ba6 Rf8 (38... Re8 $15) 39. Be2 Bf5 40. b4 (40. Ba6 $11) 40... Rc8 $17 41. g4 (41. Kf2 $17) 41... Be4 $19 42. b5 $2 (42. Bd1 {is a better defense.}) 42... Rc3 (42... Rc1+ $142 43. Kf2 Rc3) 43. Rb2 (43. Bd1 {was called for.}) 43... Rh3 44. h5 gxh5 45. b6 $2 (45. gxh5 {was the crucial defense.} Kf4 46. Bf1 Rxh5 47. Rf2+ Ke5 48. Kd2) 45... axb6 46. Rb5+ Kf4 47. Rxh5 Rxh5 48. gxh5 Ke3 {Accuracy: White = 52%, Black = 78%.} 0-1

[Event "WSTCC-65 2020"]
[Site "Prague"]
[Date "2020.03.06"]
[Round "1.2"]
[White "Rashkovsky, Nukhim N"]
[Black "Joukl, Zdenek"]
[Result "1-0"]
[WhiteElo "2440"]
[BlackElo "2047"]
[Annotator "TA"]
[PlyCount "113"]
[EventDate "2020.03.06"]
[EventType "team-tourn"]
[EventCountry "CZE"]
[SourceTitle "playchess.com"]
[Source "ChessBase"]
[SourceQuality "1"]

{[%evp 10,113,26,0,6,10,16,16,14,13,13,12,14,15,22,-14,-8,-25,7,-13,-1,-27,0,-4,0,0,0,-3,0,0,4,2,14,13,17,10,35,29,52,30,37,38,66,61,102,85,101,46,84,78,90,94,97,89,93,93,218,213,212,219,219,213,261,255,239,245,232,238,370,235,360,199,287,272,579,542,579,489,602,572,659,618,1916,1826,1888,1705,939,1253,6893,6195,5580,5289,29975,29974,5119,4902,29982,29983,29983,29984,29989,29990,29992,29993,29993,610]} 1. d4 d5 2. Nf3 Bf5 3. Bf4 e6 4. e3 Nf6 5. Bd3 Bg6 6. Ne5 Bd6 {D02: 1 d4 d5 2 Nf3 sidelines, including 2...Nf6 3 g3 and 2...Nf6 3 Bf4.} 7. c4 {[#]} dxc4 $146 ({Predecessor:} 7... Bxe5 8. Bxe5 c6 9. cxd5 cxd5 10. Bxg6 hxg6 11. Qb3 Qb6 12. Qxb6 axb6 13. Nc3 Nbd7 14. Bd6 {1-0 (38) Novikova,M (2017)-Mira,H (1084) Sharjah 2018}) 8. Bxc4 Bxe5 {The position is equal.} 9. Bxe5 Nbd7 10. Bg3 Nh5 11. Nc3 O-O 12. Qf3 Nxg3 13. Qxg3 c6 14. Rd1 Nb6 15. Bb3 Nd5 (15... a5 $5 {[%cal Ra5a4]} 16. a3 a4 $11) 16. O-O Nxc3 17. bxc3 a5 {[%cal Ba7a5,Ba5a4][%mdl 32]} 18. Rc1 Qb8 19. Qf3 a4 20. Bc2 Qc7 21. Bxg6 hxg6 22. Rb1 Ra7 23. Rfc1 Rd8 24. h4 Qe7 25. g3 Rd5 26. c4 Rf5 27. Qe2 Rfa5 28. e4 (28. Rb2 $16) 28... Kh7 29. Kg2 Qf6 30. Rd1 Qe7 31. e5 Ra8 32. h5 Kg8 {This move loses the game for Black.} (32... g5 $16 {might work better.}) 33. hxg6 $18 fxg6 34. Qe4 Qf7 {[#]} 35. Rd3 $1 {[%cal Rd3f3] Threatens to win with Rf3.} Rf8 36. Rf3 Qxf3+ 37. Qxf3 Rxf3 38. Kxf3 {[%mdl 4096] Endgame KR-KR} Ra7 (38... a3 {was necessary.} 39. Rxb7 Ra4) 39. Ke4 Kf7 (39... a3 $142 40. f4 Kf7) 40. f4 (40. Kf4 $142) 40... Ke7 (40... a3 $142 41. Rb4 Ke7) 41. d5 Kd7 $2 {[#]} (41... exd5+ {is tougher.} 42. cxd5 Kd7 43. dxc6+ Kxc6 44. Rc1+ Kd7 45. Rd1+ Kc8) 42. d6 c5 43. Rb6 a3 44. Kd3 g5 45. fxg5 g6 46. Kc3 Kc8 47. Rb5 b6 48. Rxb6 Rf7 49. Rc6+ Kd8 50. Rxc5 Rf3+ 51. Kb4 Rxg3 52. Ra5 Rxg5 53. Ra8+ {White mates.} Kd7 54. Ra7+ Kd8 55. c5 {[%cal Bc4c5,Bc5c6][%mdl 32]} Rxe5 56. c6 {[%cal Ra7a8]} Ke8 57. Ra8+ {Accuracy: White = 82%, Black = 48%.} (57. Re7+ $142 Kd8 58. c7+ Kc8 59. Re8+ Kd7 60. Rd8+ Kc6 61. c8=Q+ Kb6 62. Qc7+ Ka6 63. Ra8#) 1-0

[Event "WSTCC-65 2020"]
[Site "Prague"]
[Date "2020.03.06"]
[Round "1.3"]
[White "Jacek, Miloslav"]
[Black "Kalegin, Evgenij"]
[Result "0-1"]
[WhiteElo "1962"]
[BlackElo "2431"]
[Annotator "TA"]
[PlyCount "84"]
[EventDate "2020.03.06"]
[EventType "team-tourn"]
[EventCountry "CZE"]
[SourceTitle "playchess.com"]
[Source "ChessBase"]
[SourceQuality "1"]

{[%evp 9,84,-2,0,-19,-14,-114,-110,-97,-138,-199,-216,-216,-205,-220,-192,-203,-202,-199,-130,-104,-107,-111,-87,-92,-42,-87,13,12,14,25,24,-516,-520,-462,-403,-380,-193,-268,-266,-245,-216,-199,-219,-209,-204,-199,-189,-173,-169,-127,-93,-178,-162,-207,-207,-207,-210,-256,-248,-322,-330,-354,-352,-343,-342,-339,-339,-449,-328,-387,-387,-387,-387,-556,-553,-1663,-1654]} 1. e4 c5 2. Nf3 e6 3. c3 Nf6 4. Bd3 d5 5. e5 Nfd7 6. O-O {B40: Sicilian: 2...e6, Unusual lines.} Nc6 7. Re1 (7. Bb5 $11 {keeps the balance.}) 7... g5 $1 $17 {[%cal Rg5g4] And now ...g4 would win.} 8. h3 {Black is better.} h5 $1 {...g4 is the strong threat.} 9. g4 (9. Bb5 $17) 9... hxg4 $19 10. hxg4 c4 11. Bc2 {[#]} Bg7 $146 {[%cal Rd7e5]} ({Predecessor:} 11... Qc7 12. d4 cxd3 13. Ba4 Bg7 14. Bxg5 Ndxe5 15. Bf4 f6 16. Na3 a6 17. c4 Bd7 18. cxd5 exd5 19. Qxd3 {0-1 (26) Wagner,F (2323)-Petr,M (2495) Germany 2009}) 12. d4 cxd3 $1 13. Ba4 Nc5 ({Better is} 13... Qc7 $1 $19 {[%cal Rd7e5]} 14. Bxg5 Ndxe5) 14. Bxc6+ $17 bxc6 15. Bxg5 Qc7 {White must now prevent ...Ne4.} 16. Nbd2 Bb7 17. b4 Ne4 (17... Nd7 $17 18. Bf4 c5 19. bxc5 Nxc5) 18. Nxe4 $11 dxe4 19. Rxe4 c5 20. Re3 $2 {[%mdl 8192]} (20. Qxd3 $11 {and White is okay.} Rc8 21. Rd1) 20... c4 $19 21. Qa4+ Kf8 22. Bf4 Rd8 (22... Rh3 $142 23. Kg2 Rxf3 24. Rxf3 Bxe5 25. Bxe5 Qxe5) 23. Qa5 (23. Nh2 $142) 23... Qxa5 24. bxa5 Rh3 25. Kg2 Rxf3 26. Rxf3 {[#]} d2 $1 $40 {[%cal Rd2d1][%mdl 128] Black is out for blood.} 27. Rd1 Rd3 {[%mdl 64] Pin} 28. Be3 Bxe5 ({But not} 28... Rxc3 29. Rxd2 Ke8 30. Rb2 $15) 29. Rxd2 Bxc3 {[%mdl 64] Double Attack} ({Worse is} 29... Rxc3 30. Rd7 $14) 30. Rxd3 (30. Rc2 $17) 30... cxd3 {[%mdl 4096] Endgame KRB-KB} 31. a6 Bxa6 32. Rh3 {[#]} d2 $1 {[%cal Rd2d1]} 33. Bxd2 Bxd2 34. Ra3 Bb7+ 35. f3 a5 36. Rd3 Bb4 37. a3 Be7 38. Rb3 Bc6 39. Rc3 Bd5 40. Rc8+ Kg7 41. Rc3 (41. a4 {was forced.}) 41... a4 42. Kg3 Bb3 {Accuracy: White = 44%, Black = 70%.} 0-1

[Event "WSTCC-65 2020"]
[Site "Prague"]
[Date "2020.03.06"]
[Round "1.4"]
[White "Zhelnin, Vladimir V"]
[Black "Hnat, Zdenek"]
[Result "1-0"]
[WhiteElo "2404"]
[BlackElo "1802"]
[Annotator "TA"]
[PlyCount "51"]
[EventDate "2020.03.06"]
[EventType "team-tourn"]
[EventCountry "CZE"]
[SourceTitle "playchess.com"]
[Source "ChessBase"]
[SourceQuality "1"]

{[%evp 22,51,0,0,0,0,28,27,97,32,36,36,247,230,245,173,417,442,500,497,524,522,777,776,776,760,1302,1283,1308,1301,29974,29974]} 1. e4 e5 2. Nf3 Nc6 3. Bc4 Nf6 4. d3 Bc5 5. Nc3 d6 6. Bg5 h6 7. Bxf6 Qxf6 8. Nd5 Qd8 9. c3 a6 10. d4 exd4 11. cxd4 Ba7 12. h3 O-O {C50: Hungarian Defence and Giuoco Pianissimo.} 13. O-O Be6 (13... b5 $5 {[%cal Rb5c4]} 14. Bb3 Ne7 $11) 14. Rc1 {[%cal Ba1c1,Bc1c4,Bc4a4,Ba4f4][%mdl 32]} Rc8 {[#]} (14... Na5 $11) 15. Nf4 $146 (15. Bxa6 $1 $16 Ne7 16. Bxb7) ({Predecessor:} 15. Bxa6 bxa6 16. Rxc6 Bxd5 17. exd5 Bb6 18. Qd3 a5 19. Re1 a4 20. Re3 Ra8 21. Qc2 {1-0 (34) Balashov,Y (2600)-Smejkal,J (2535) Moscow 1981}) 15... Bxc4 $14 16. Rxc4 f5 $2 {Black cannot hold the game after this.} (16... Bb6 $14) 17. Ne6 $18 {[%cal Bf4e6,Be6f8,Bf8e6][%mdl 96] [#] Double Attack} Qe8 18. d5 Na5 $2 (18... Rf7 19. Qd3 (19. dxc6 b5 $14) 19... fxe4 20. Qxe4 (20. Rxe4 Ne7 $16) 20... Ne5) 19. Ra4 fxe4 20. Nxf8 ({Worse is} 20. Rxa5 exf3 21. Nxf8 fxg2 $11) 20... exf3 21. Ne6 ({Weaker is} 21. Rxa5 fxg2 22. Kxg2 Qxf8 $11) 21... fxg2 22. Kxg2 Nc6 {[#]} 23. Qg4 $1 {[%csl Ge6][%cal Rg4g7]} Qf7 24. Rf4 Qd7 25. dxc6 Qxc6+ 26. Kh2 {Accuracy: White = 70%, Black = 32%.} 1-0

[Event "WSTCC-65 2020"]
[Site "Prague"]
[Date "2020.03.06"]
[Round "1.5"]
[White "Knaak, Rainer"]
[Black "Watzka, Horst"]
[Result "1/2-1/2"]
[WhiteElo "2478"]
[BlackElo "2166"]
[Annotator "TA"]
[PlyCount "80"]
[EventDate "2020.03.06"]
[EventType "team-tourn"]
[EventCountry "CZE"]
[SourceTitle "playchess.com"]
[Source "ChessBase"]
[SourceQuality "1"]

{[%evp 18,80,35,32,34,20,18,7,25,18,36,-18,13,2,37,18,13,12,75,67,59,59,106,93,109,91,95,69,67,29,31,30,35,8,44,0,0,0,0,-35,-62,-66,0,0,0,0,66,59,94,97,80,20,27,25,14,0,199,0,0,0,0,-59,-63,-52,-56]} 1. d4 Nf6 2. Nf3 d6 3. c4 Nbd7 4. Nc3 e5 5. Bg5 Be7 6. e3 O-O 7. Be2 c6 8. Qc2 Ne8 9. Bxe7 Qxe7 10. O-O Ndf6 {[#] A54: Old Indian Defence with Nf3, but without e4.} 11. Rfe1 $146 ({Predecessor:} 11. dxe5 dxe5 12. Rad1 Bg4 13. Rd2 Nc7 14. Rfd1 Bxf3 15. Bxf3 Rad8 16. Qa4 Rxd2 17. Rxd2 Qc5 18. Be2 {½-½ (32) Knechtel,R (2245)-Hausner,I (2321) Austria 2017}) 11... Bg4 12. Rac1 g6 {The position is equal.} 13. b4 {[%cal Bb2b4,Bb4b5,Bb5c6][%mdl 32]} Ng7 14. c5 (14. h3 $14 Bxf3 15. Bxf3) 14... Bxf3 (14... exd4 {is more complex.} 15. exd4 Rae8 16. Qd2 Qd8 17. Rcd1 Bxf3 18. Bxf3 Rxe1+ 19. Rxe1 dxc5 20. bxc5 Ne6) 15. Bxf3 Rad8 16. dxe5 Qxe5 17. b5 dxc5 (17... d5 $11) 18. bxc6 $16 b6 19. Qa4 Ra8 20. Red1 Ne6 21. g3 Nc7 22. Rd2 a6 23. Qb3 b5 24. a4 {[%cal Ra4b5]} Rab8 25. Qb1 Rfe8 26. Rb2 {[%cal Ra4b5]} b4 27. Ne2 Ne6 28. Nf4 Ng5 29. Bg2 {Nd3 is the strong threat.} Nfe4 (29... Nge4 $15) 30. h4 Nc3 {[%mdl 64] Double Attack} 31. Qd3 Ne6 (31... Nge4 $11) 32. Qxa6 $14 Nc7 33. Qc4 Nxa4 34. Rb3 (34. Ra2 $1 $16 {[%cal Ra2a4]} Nc3 35. Ra7) 34... Red8 35. Nd3 Qe6 36. Qc2 Ra8 $2 {[#]} (36... Rb5 $11) 37. Nf4 $2 (37. Nxb4 $1 $18 {[%mdl 512] Hoping for Nd3.} cxb4 38. Rxb4) 37... Qe5 $11 38. Rd3 Nc3 39. Rxc3 (39. Bf3 $11) 39... bxc3 $15 40. Qxc3 Qxc3 {Accuracy: White = 68%, Black = 65%.} 1/2-1/2

[Event "WSTCC-65 2020"]
[Site "Prague"]
[Date "2020.03.06"]
[Round "1.6"]
[White "Kratschmer, Heinz"]
[Black "Chevelevitch, Evgueni"]
[Result "1/2-1/2"]
[WhiteElo "2037"]
[BlackElo "2391"]
[Annotator "TA"]
[PlyCount "101"]
[EventDate "2020.03.06"]
[EventType "team-tourn"]
[EventCountry "CZE"]
[SourceTitle "playchess.com"]
[Source "ChessBase"]
[SourceQuality "1"]

{[%evp 14,101,5,0,0,-21,0,-21,-7,-71,23,18,23,34,66,22,28,-31,-21,-28,-19,-26,-29,-37,-27,-33,-16,-26,-8,-9,-12,-14,0,0,0,0,0,0,0,-14,-8,-8,-19,-8,-11,-14,-14,-17,-28,-39,-14,-40,-41,-37,-8,-8,-8,-8,-8,-8,-8,-8,-8,-8,-8,-65,-65,-65,-64,-59,-66,-50,-64,-72,-8,-129,-129,-129,-129,-129,-8,-8,-8,-8,-8,-8,-8,-8,-8,-8]} 1. d4 Nf6 2. Nf3 g6 3. Nc3 d5 4. Bf4 Bg7 5. e3 O-O 6. Be2 c5 7. Ne5 {7.Ne5 was played by the boomers.} cxd4 8. exd4 Nc6 {D00: 1 d4 d5: Unusual lines.} 9. Qd2 Qa5 10. h4 h5 11. f3 {[#]} (11. O-O-O $11 {keeps the balance.}) 11... Be6 {[#]} (11... Nd7 $1 $17) 12. O-O-O $146 ({Predecessor:} 12. Nxc6 bxc6 13. Be5 c5 14. dxc5 Qxc5 15. O-O-O Qa5 16. Kb1 Rfd8 17. Qd4 Rab8 18. Qa4 Qxa4 19. Nxa4 {0-1 (48) Tjurins,I (2193)-Gorbatov,A (2384) Moscow 2008}) 12... Rfc8 13. Kb1 a6 14. Nxc6 Rxc6 15. Ne4 (15. Bd3 $1 $11) 15... Qxd2 $15 16. Nxf6+ Bxf6 17. Rxd2 Bf5 18. Bd3 Bxd3 19. Rxd3 Rac8 20. c3 Re6 21. Re3 Rcc6 22. g3 Rxe3 23. Bxe3 $11 {[%mdl 4096] Endgame KRB-KRB} Re6 24. Re1 $1 g5 25. hxg5 Bxg5 26. Bf2 Rxe1+ 27. Bxe1 {KB-KB} f5 28. f4 h4 29. gxh4 Bxf4 30. Kc2 Kg7 31. Kd3 e6 32. a4 Kg6 33. b3 b5 (33... Kh5 {feels hotter.} 34. c4 e5 35. cxd5 e4+ 36. Ke2 Bd6) 34. axb5 axb5 35. c4 bxc4+ 36. bxc4 dxc4+ 37. Kxc4 Bd6 38. Kd3 Kh5 39. Ke3 ({White should play} 39. Kc4 $11) 39... Kg4 $1 $15 40. Bf2 Bc7 41. Be1 Bd8 42. Bf2 $1 Bb6 {...e5 is the strong threat.} 43. Ke2 $1 f4 (43... Ba5 $17 44. Ke3 Bb6) 44. h5 (44. Kd3 $1 $11) 44... Kxh5 $17 45. Kf3 Kg5 {Strongly threatening ...Kf5.} 46. Ke4 Kg4 (46... Ba5 $17 {White must now prevent ...Bd2.} 47. Kf3 Kf5) 47. Ke5 $1 $11 {The position is equal.} Kf3 48. Bh4 $1 Ke3 49. Bg5 Bxd4+ 50. Kxe6 Ke4 {[#] And now ...f3 would win.} 51. Bxf4 $1 {[%mdl 512] Accuracy: White = 81%, Black = 77%.} 1/2-1/2

[Event "WSTCC-65 2020"]
[Site "Prague"]
[Date "2020.03.06"]
[Round "1.7"]
[White "Hort, Vlastimil"]
[Black "Pitzl, Konstantinos"]
[Result "1/2-1/2"]
[WhiteElo "2397"]
[BlackElo "2023"]
[Annotator "TA"]
[PlyCount "34"]
[EventDate "2020.03.06"]
[EventType "team-tourn"]
[EventCountry "CZE"]
[SourceTitle "playchess.com"]
[Source "ChessBase"]
[SourceQuality "1"]

{[%evp 12,34,33,6,8,-9,18,8,22,8,10,-13,11,-11,4,5,32,-33,-44,-53,100,-11,-15,-59,-46]} 1. e4 d6 2. d4 Nf6 3. Nc3 g6 4. f4 Bg7 5. Nf3 O-O 6. Bd3 Na6 7. Be3 c5 {B09: Pirc Defence: Austrian Attack.} 8. Bxa6 {[#] Black must now prevent Bc4.} cxd4 9. Bxd4 {And now Bc4 would win.} bxa6 {The position is equal.} 10. O-O Bb7 {[#]} 11. Qe2 $146 ({Predecessor:} 11. Qd3 Qa5 12. Rad1 e6 13. Nd2 Rfd8 14. Nb3 Qc7 15. Qe2 e5 16. fxe5 dxe5 17. Bf2 Rxd1 18. Qxd1 {½-½ (23) Tonteri,A (1984)-Reed,D (2089) Jyvaskyla 2008}) 11... Qc7 12. Rfe1 Rac8 13. Rad1 e6 14. Qf2 (14. h3 $14) 14... Ng4 $15 15. Qh4 Bxd4+ $2 {[#]} (15... e5 $1 $15 {stays ahead.} 16. fxe5 (16. Bxa7 Bxe4 17. Qxg4 Qxa7+ 18. Kh1 f5 $17) 16... dxe5) 16. Nxd4 ({Only move:} 16. Rxd4 $16 e5 17. Rd2 Qb6+ 18. Kh1) 16... e5 $1 $11 {[%cal Re5d4]} 17. Qxg4 exd4 {Accuracy: White = 56%, Black = 70%.} 1/2-1/2

[Event "WSTCC-65 2020"]
[Site "Prague"]
[Date "2020.03.06"]
[Round "1.8"]
[White "Nickl, Klaus"]
[Black "Buchal, Stephan"]
[Result "0-1"]
[WhiteElo "1946"]
[BlackElo "2276"]
[Annotator "ChessBase"]
[PlyCount "76"]
[EventDate "2020.03.06"]
[EventType "team-tourn"]
[EventCountry "CZE"]
[SourceTitle "playchess.com"]
[Source "ChessBase"]
[SourceQuality "1"]
[TimeControl "40/5400+30:1800+30"]

1. d4 {[%emt 0:00:00]} d6 {[%emt 0:00:00]} 2. Nf3 {[%emt 0:00:00]} g6 {[%emt 0:00:00]} 3. Bf4 {[%emt 0:00:08]} Bg7 {[%emt 0:00:03]} 4. e3 {[%emt 0:00:06]} Nd7 {[%emt 0:00:43]} 5. c3 {[%emt 0:02:35]} e5 {[%emt 0:01:16]} 6. dxe5 {[%emt 0:01:43]} dxe5 {[%emt 0:00:32]} 7. Bg3 {[%emt 0:00:18]} Qe7 {[%emt 0:10:13]} 8. Nbd2 {[%emt 0:05:35]} Ngf6 {[%emt 0:07:19]} 9. h3 {[%emt 0:02:35]} O-O {[%emt 0:01:06]} 10. Qc2 {[%emt 0:08:46]} b6 {[%emt 0:06:14]} 11. Be2 {[%emt 0:06:03]} Bb7 {[%emt 0:01:32]} 12. O-O {[%emt 0:00:08]} e4 {[%emt 0:06:40]} 13. Nd4 {[%emt 0:02:20]} Ne5 {[%emt 0:11:40]} 14. Bxe5 {[%emt 0:14:16]} Qxe5 {[%emt 0:00:14]} 15. a4 {[%emt 0:05:21]} a5 {[%emt 0:07:34]} 16. Bb5 {[%emt 0:06:19]} c5 {[%emt 0:07:02]} 17. Nc4 {[%emt 0:02:57]} Qc7 {[%emt 0:03:17]} 18. Ne2 {[%emt 0:00:47]} Nd5 {[%emt 0:03:52]} 19. Rad1 {[%emt 0:03:17]} Rad8 {[%emt 0:04:15]} 20. Na3 {[%emt 0:01:15]} Qe7 {[%emt 0:11:20]} 21. Rd2 {[%emt 0:02:23]} Be5 {[%emt 0:01:16]} 22. Rfd1 {[%emt 0:00:34]} Bc7 {[%emt 0:04:47]} 23. Bc4 {[%emt 0:08:36]} Qe5 {[%emt 0:02:55]} 24. g3 {[%emt 0:03:40]} Nf6 {[%emt 0:02:38]} 25. Rxd8 {[%emt 0:03:01]} Bxd8 {[%emt 0:00:17]} 26. Bb5 {[%emt 0:01:29]} Qf5 {[%emt 0:00:53]} 27. Nf4 {[%emt 0:03:06]} Bc7 {[%emt 0:00:47]} 28. g4 {[%emt 0:05:07]} Qg5 {[%emt 0:00:48]} 29. Ng2 {[%emt 0:06:58]} Qe5 {[%emt 0:00:23]} 30. Nf4 {[%emt 0:01:53]} Qg5 {[%emt 0:00:02]} 31. Ng2 {[%emt 0:00:57]} h5 {[%emt 0:00:14]} 32. Be2 {[%emt 0:00:31]} hxg4 {[%emt 0:00:17]} 33. hxg4 {[%emt 0:00:36]} Bc8 {[%emt 0:03:04]} 34. Nb5 {[%emt 0:01:05]} Bb8 {[%emt 0:00:31]} 35. Nd6 {[%emt 0:00:16]} Bxg4 {[%emt 0:00:38]} 36. Bxg4 {[%emt 0:02:08]} Qxg4 {[%emt 0:00:08]} 37. Kf1 {[%emt 0:00:24]} Rd8 {[%emt 0:01:12]} 38. Rd2 {[%emt 0:00:11]} Rxd6 {[%emt 0:00:12]} 0-1

[Event "WSTCC-65 2020"]
[Site "Prague"]
[Date "2020.03.06"]
[Round "1.9"]
[White "Sejkora, Vlastimil"]
[Black "Jansa, Vlastimil"]
[Result "1/2-1/2"]
[WhiteElo "2149"]
[BlackElo "2439"]
[Annotator "TA"]
[PlyCount "51"]
[EventDate "2020.03.06"]
[EventType "team-tourn"]
[EventCountry "CZE"]
[SourceTitle "playchess.com"]
[Source "ChessBase"]
[SourceQuality "1"]

{[%evp 18,51,6,7,18,-35,-24,-47,5,-30,-18,-21,-10,-144,-33,-25,-22,-99,-97,-178,-5,-14,-12,-43,-35,-7,0,0,0,0,0,0,0,0,0,0]} 1. e4 c5 2. g3 Nc6 3. Bg2 g6 4. Ne2 Bg7 5. c3 e5 6. O-O Nge7 7. d3 O-O 8. Be3 d6 9. d4 exd4 $1 {The main line 9...exd4 scores better than 9...cxd4.} 10. cxd4 Qb6 {[%cal Rc5d4] B20: Sicilian: Unusual White 2nd moves.} 11. dxc5 (11. Nbc3 $11) 11... dxc5 12. Nbc3 Rd8 (12... Qxb2 $15 13. Rb1 Qa3) 13. Nd5 Nxd5 14. exd5 Nd4 {[#]} (14... Bxb2 15. Rb1 $16) 15. Bg5 $146 (15. Nxd4 $11 cxd4 16. Bg5) ({Predecessor:} 15. Nxd4 cxd4 16. Bg5 Re8 17. Qa4 Bf5 18. Rfe1 Rec8 19. Rac1 h6 20. Bf4 Qxb2 21. h4 Rxc1 22. Bxc1 {0-1 (33) Bauer,E-Fauth,D Wuerttemberg 1992}) 15... Re8 (15... Bg4 $17 16. Bxd8 Rxd8) 16. Nxd4 $15 Bxd4 17. Qa4 (17. Qd2 $11 {keeps the balance.}) 17... Bf5 $17 18. d6 {[#]} (18. Qb3 $17 {was called for.}) 18... f6 $2 ({Weaker is} 18... Bxb2 19. Rfe1 $11) (18... Re2 $1 $19 19. d7 Qc7) 19. Rae1 Rxe1 20. Rxe1 {Intending Bd5+ and mate.} fxg5 21. Re8+ Rxe8 {The position is equal.} 22. Qxe8+ Kg7 23. Qe7+ $1 Kh6 24. h4 $1 {[%cal Rh4g5]} gxh4 25. Qxh4+ Kg7 26. Qe7+ {[%mdl 64] Double Attack. Accuracy: White = 47%, Black = 57%.} 1/2-1/2

[Event "WSTCC-65 2020"]
[Site "Prague"]
[Date "2020.03.06"]
[Round "1.10"]
[White "Hausner, Ivan"]
[Black "Janda, Zdenek"]
[Result "1-0"]
[WhiteElo "2339"]
[BlackElo "2065"]
[Annotator "TA"]
[PlyCount "113"]
[EventDate "2020.03.06"]
[EventType "team-tourn"]
[EventCountry "CZE"]
[SourceTitle "playchess.com"]
[Source "ChessBase"]
[SourceQuality "1"]

{[%evp 9,113,73,111,72,134,110,158,148,158,146,131,134,185,176,175,170,313,314,314,312,323,181,172,180,191,185,165,178,236,177,177,180,177,184,187,181,190,192,194,197,222,251,307,204,220,197,373,226,360,157,137,135,202,202,202,202,200,200,200,196,206,199,198,198,191,191,229,210,283,195,191,187,189,134,134,134,148,135,149,102,102,102,102,103,103,102,141,110,620,597,605,606,559,542,899,845,2232,2020,29986,29987,29987,29988,29988,29988,29988,29989]} 1. d4 c5 2. d5 e5 3. e4 d6 4. Bd3 g6 5. Nc3 {[#]} Na6 $146 ({Predecessor:} 5... Bg7 6. Nf3 Ne7 7. Nd2 a6 8. a4 Nd7 9. Nc4 Nb6 10. a5 Nxc4 11. Bxc4 O-O 12. Be3 Kh8 {0-1 (51) Nassr,A (2208)-Taieb,S (2103) Monastir 2017}) 6. Nf3 {A44: Semi-Benoni.} Rb8 (6... Bg7 $142) 7. O-O Bd7 8. a4 {White is clearly better.} Bg7 9. Nb5 Qe7 10. Nd2 Nb4 (10... Nf6 $16 11. f4 (11. Nxa7 Nc7 $16) 11... O-O) 11. Be2 {aiming for Nc4.} a6 12. Na3 a5 (12... Bxa4 $142 13. b3 Bd7) 13. Nb5 $18 Nf6 14. c3 Na6 15. Qc2 (15. Nc4 $142 Bxb5 16. axb5) 15... O-O 16. Nc4 Ne8 17. Nxa5 f5 18. f3 f4 (18... Nac7 $142 19. Nxc7 Nxc7) 19. Nc4 g5 20. Bd2 Rf6 21. Nb6 Rh6 22. Nxd7 Qxd7 23. Na3 Nf6 24. Nc4 Kh8 25. b4 Rg8 26. Qd3 Bf8 27. h3 Rgg6 $2 (27... cxb4 28. cxb4 Nh5) 28. Rf2 Rh4 (28... Rg7 $142 29. b5 Nc7) 29. Kf1 (29. b5 $18 {is more deadly.}) 29... g4 30. fxg4 {b5 is the strong threat.} Nxg4 (30... cxb4 $16 31. cxb4 Nxg4 {[%mdl 64] Back Rank}) 31. Bxg4 Rgxg4 32. Be1 ({And not} 32. Nb6 Qg7 $11) 32... Rg8 33. b5 Nc7 34. Nd2 Rh6 35. c4 Be7 {intending ...Bh4.} 36. Nf3 Rhg6 37. Rb2 Ne8 38. a5 Nf6 39. Raa2 Nh5 40. a6 b6 41. a7 (41. Kg1 $18) 41... Ra8 $16 {[#]} 42. Ra6 $1 Bd8 43. Rba2 $36 {[%mdl 2048] White is on the roll.} Ng3+ 44. Bxg3 Rxg3 45. Qe2 Qe8 46. Kg1 Rg7 47. Nh2 Rg3 48. R2a3 {Black must now prevent Rxg3.} Qf7 $2 {[%mdl 8192] [#] Black cannot hold the game after this.} (48... Rg7 $16 49. Nf1 Qg6) 49. Rxg3 $1 $18 fxg3 50. Nf1 Rxa7 51. Nxg3 Bg5 52. Nf5 Rxa6 53. bxa6 Qd7 54. Qa2 {White mates.} Qa7 55. Qa4 {[%cal Ra4e8]} h6 56. Qe8+ Kh7 57. Qc8 {Accuracy: White = 69%, Black = 48%.} 1-0